| 000 | 01307cam a2200349 a 4500 | ||
|---|---|---|---|
| 001 | 5931 | ||
| 003 | FISKH | ||
| 005 | 20250210085946.0 | ||
| 008 | 091229s2010 nyua j 000 0 eng | ||
| 010 | _a 2009050794 | ||
| 020 | _a9780545223270 (alk. paper) | ||
| 020 | _a9780545289948 | ||
| 040 |
_aDLC _cDLC _dDLC _beng |
||
| 042 | _apcc | ||
| 050 | _aBF723.F68 R44 | ||
| 082 | _a155.43 | ||
| 100 | 1 | _aReece, Gemma | |
| 245 | 1 | 4 |
_aThe girls' book of friendship : _bHow to be the best friend ever / _cWritten by Gemma Reece ; illustrated by Katy Jackson ; edited by Sally Pilkington. |
| 250 | _aThis edition first published in 2010 | ||
| 260 |
_aLondon : _bScholastic, _c2010. |
||
| 300 |
_a119 pages : _billustrations ; _c20 cm |
||
| 505 | _aR | ||
| 520 | _aCounsels girls on the secrets of positive friendships, sharing tips on a wide range of topics from making new acquaintances and resolving arguments to helping those in need and making friendship bracelets. | ||
| 521 | 8 |
_a780
_bLexile |
|
| 521 | 8 |
_aR
_bRaz-Plus |
|
| 650 | 0 |
_aFriendship _vJuvenile literature. |
|
| 650 | 0 |
_aGirls _xLife skills guides _vJuvenile literature. |
|
| 700 | 1 |
_aJackson, Katy _dillustrator |
|
| 700 | 1 | _aPilkington, Sally | |
| 906 |
_a7 _bcbc _corignew _d1 _eecip _f20 _gy-gencatlg |
||
| 942 |
_2ddc _cBK _n0 |
||
| 999 |
_c5931 _d5931 |
||